ნორმალური ფორმატი
MARC ფორმატი
ჩანაწერი Personal Name
ჩანაწერთა რაოდენობა, რომელიც გამოყენებულია: 1
001 - CONTROL NUMBER
- control field: 25920
003 - CONTROL NUMBER IDENTIFIER
- control field: GE_BSU
005 - DATE AND TIME OF LATEST TRANSACTION
- control field: 20251001213447.0
008 - FIXED-LENGTH DATA ELEMENTS
- fixed length control field: 251001|| aca||aabn | a|a d
040 ## - CATALOGING SOURCE
- Original cataloging agency: GE_BSU
- Transcribing agency: GE_BSU
100 ## - HEADING--PERSONAL NAME
- Personal name: ბერძენიშვილი, ნიკოლოზ., ჯავახიშვული ივ., ჯანაშია, ს.
670 ## - SOURCE DATA FOUND
- Source citation: Work cat.: (GE_BSU)56128: ბერძენიშვილი, ნიკოლოზ., ჯავახიშვული ივ., ჯანაშია, ს., საქართველოს ისტორია. ნაწ. 1 : უძველესი დროიდან XIX საუკუნის დამდეგამდე :
